000 00332nam a22001337a 4500
005 20251017071239.0
008 251017b |||||||| |||| 00| 0 eng d
040 _a
_c
100 _aGOGOI DR. LILA
_9929
245 _aBIHUGEET ARU BANGHOSHA
260 _aDIBRUGARH
_bBANALATA
_cNOVEMBER,2008
300 _a270:P
942 _2ddc
_cBK
999 _c31969
_d31969